Normal view
MARC view
- social stratification in comparative perspective
Entry Topical Term
001 - CONTROL NUMBER
- control field: 105439
003 - CONTROL NUMBER IDENTIFIER
- control field: NUST
005 - DATE AND TIME OF LATEST TRANSACTION
- control field: 20221221093654.0
008 - FIXED-LENGTH DATA ELEMENTS
- fixed length control field: 221221|| aca||aabn | a|a d
040 ## - CATALOGING SOURCE
- Original cataloging agency: NUST
- Transcribing agency: NUST
150 ## - HEADING--TOPICAL TERM
- Topical term or geographic name entry element: social stratification in comparative perspective
670 ## - SOURCE DATA FOUND
- Source citation: Work cat.: (NUST)190553: Bendix,Reinhard 37695, Calass status,and power / , 2010
